000 00492nam a2200157 i 4500
001 82943
003 ES-MaACL
005 20230906174745.0
007 t|
008 041112s1975 sp ||||1| spa d
245 0 0 _aEstadística de protestos de letras de cambio
_b: año 1974 /
_cInstituto Nacional de Estadística.
260 _aMadrid :
_b[s.n.,
_c1975]
300 _a97 p. ;
_c27 cm.
710 2 _aInstituto Nacional de Estadística (España)
_95162
852 _aES-MaACL
_jE-8536
_bR.92940
999 _c82943
_d82943